01228 2200265 4500001002100000005001500021035002000036007000300056008004100059020001900100082001200119084001800131100003100149245004500180250001200225300003000237650001700267650002100284520053100305264003600836336002100872337003000893338002300923990001600946INLIS00000000000016920260417102038 a0010-0426000168ta260417 g 0 ind  a97897977564957 a005.362 a005.362 TAR v0 aTaryana SuryanaePengarang1 aVisual Basic /cPenulis, Taryana Suryana aPertama a122 :bilustrasi ;c23 cm 4aVisual basic 4aProgram komputer aBuku ini membahas membagai mengenai dasar dasar pemrograman dengan menggunakan Visual Basic, Pengenalan Visual Basic 6.0, pemrograman event driven, pemahaman mengenai objek, pembuatan objek, penggunaan property dan bagaimana menjalankan Microsoft Visual Basic 6.0, Bagaimana cara membuat aplikasi sederhana, yang terdiri dari beberapa objek Text dan Command Button, kemudian bagaimana proses input dan output, serta pembahasan mengenai operasi matematika, Tipe data yang ada dalam Visual Basic, logika, perulangan dan database aYogyakarta :bGraha Ilmu,c2009 2rdacontentaTeks 2rdamediaaTanpa Perantara 2rdacarrieravolume aPP000254/19